Mají veletrhy své místo v marketingovém mixu?

Otázky účasti firiem na veľtrhu. Účasťna veľtrhu z marketingového hľadiska. Pohľad na veľtrh z rôznych hľadísk. Budovanie image. Testovanie produktov, kontakt so zákazníkmi. Predvedenie noviniek. Efektívna forma Public Relations. Marketingová príprava veľtržnej expozície. Organizačná pomôcka pre prí...

Ausführliche Beschreibung

Gespeichert in:
Bibliographische Detailangaben
1. Verfasser: Pavlíčková, Monika
Format: Buchkapitel
Sprache:Tschechisch
Schlagworte:
Tags: Tag hinzufügen
Keine Tags, Fügen Sie das erste Tag hinzu!

MARC

LEADER 00000naa$a2200000$$$4500
001 0005330
005 20231004073441.7
041 0 |a cze 
044 |a CZ 
245 1 0 |a Mají veletrhy své místo v marketingovém mixu?  |c aut. Monika Pavlíčková 
520 |a Otázky účasti firiem na veľtrhu. Účasťna veľtrhu z marketingového hľadiska. Pohľad na veľtrh z rôznych hľadísk. Budovanie image. Testovanie produktov, kontakt so zákazníkmi. Predvedenie noviniek. Efektívna forma Public Relations. Marketingová príprava veľtržnej expozície. Organizačná pomôcka pre prípravu veľtrhu. 
610 2 0 |a veľtrhy 
610 2 0 |a výstavy 
610 2 0 |a firmy 
610 2 0 |a práca s verejnosťou 
610 2 0 |a marketing mix 
100 1 |a Pavlíčková, Monika